[Event "Hyderabad op 1st"]
[Site "Hyderabad"]
[Date "2006.02.26"]
[Round "1"]
[White "Manjunath, Jain"]
[Black "Sundararajan, Kidambi"]
[Result "0-1"]
[WhiteElo "2073"]
[BlackElo "2495"]
[PlyCount "60"]
[EventDate "2006.02.25"]
[EventType "swiss"]
[EventRounds "10"]
[EventCountry "IND"]
[SourceTitle "CBM 111 Extra"]
[Source "ChessBase"]
[SourceDate "2006.05.09"]
[SourceVersion "1"]
[SourceVersionDate "2006.05.09"]
[SourceQuality "1"]

1. b3 d5 2. Bb2 Bg4 3. h3 Bh5 4. Nf3 Nd7 5. d4 Ngf6 6. Nbd2 e6 7. e3 Bd6 8. c4 c6 9. Be2 Qb8 10. Qc2 0-0 11. 0-0 b5 12. c5 Bc7 13. Bd3 Bg6 14. Bxg6 hxg6 15. e4 dxe4 16. Nxe4 a6 17. Nxf6+ Nxf6 18. Rfe1 Qb7 19. Ng5 Rad8 20. Ne4 Nxe4 21. Rxe4 Rd5 22. Rae1 Bd8 23. Re5 Rd7 24. g4 Bf6 25. R5e4 Rfd8 26. Rd1 e5 27. f4 exd4 28. g5 d3 29. Qf2 Bxb2 30. Rde1 Bd4 0-1